Statistiques concernant Culture Générale - Série 1288

Cliquez ici pour prendre le quiz!

Statistiques générales

  • Ce quiz a été pris 43 fois
  • Le résultat moyen est 5 sur 10

Statistiques - réponses

Question Réponse % Correct
Quel pays a offert la statue de la Liberté aux États-Unis ?France
100%
Quel pays accueille tous les ans la plus grande bataille de tomates connue sous le nom de « Tomatina » ?Espagne
85%
Quel parti a son siège rue de Solférino, à Paris ?parti Socialiste
77%
Quel pays moderne portait autrefois le nom de Mésopotamie ?Irak
69%
Quel pays montagneux arbore un lama et un condor sur son drapeau ?Bolivie
54%
Dans quel film Daniel Craig a-t-il pour la première fois endossé le rôle de James Bond ?Casino Royale
33%
Dans l'émission Le Maillon faible, que disait Laurence Boccolini en cas de bonne réponse ?correct
26%
Quel parc des États-Unis abrite une statue d'Alice au pays des merveilles ?Central Park
23%
Quel pays compte le plus grand nombre d'abris antiaériens par habitant ?Suisse
23%
Quel pays a d'abord dû son nom à l'abondance de crevettes de ses rivières ?Cameroun
3%

Distribution des résultats

Percentile par nombre de réponses

% des personnes avec chaque résultat

Votre développement - résultats

Vous n’avez pas pris ce quiz